Statistiche per Paesi con i dati Covid-19 più alti in un giorno

Clicka qui per fare il quiz!

Statistiche generali

  • Questo quiz è stato fatto 30 volte
  • Il punteggio medio è 13 su 21

Statistiche sulle risposte

nazione% Corretto
Italia
100%
Stati Uniti
100%
Francia
96%
India
96%
Spagna
92%
Russia
88%
Brasile
81%
Regno Unito
81%
Germania
77%
Canada
69%
Messico
62%
Cile
58%
Svezia
58%
Belgio
46%
Perù
46%
Turchia
46%
Iran
42%
Pakistan
42%
Bangladesh
23%
Arabia Saudita
19%
Qatar
8%

Distribuzione punteggi

Percentile per numero di risposta

Percentuale di utenti per punteggio

I tuoi punteggi nel tempo

Non hai fatto questo quiz